000 00796nam a2200241Ia 4500
003 OSt
005 20220926021124.0
006 a|||||r|||| 00| 0
007 ta
008 220923b |||||||| |||| 00| 0 eng d
037 _cGeneral Book
040 _aRTL
_cRTL
_beng
041 _2eng
_aeng
082 _aV1N45, 93:3.N75s, L5-7/UN
110 _aUNITED NATIONS, ECONOMIC AND SOCIAL COUNCIL.
245 0 _aCommittee for Programme and Co-ordination
_b Report on the fifteenth session, Official records Fifty eight session.
260 _aNew York
_bU.N
_c1975
300 _a25p.
_ccm.
500 _aSupplement no.7
700 _aUNITED NATIONS, ECONOMIC AND SOCIAL COUNCIL.
942 _hV1N45, 93:3.N75s, L5-7/UN
_cGB
_2CC
999 _c635856
_d635856